000 00854nam0a22002651 4500
001 rc\3390805
005 20260407071620.0
021 _aRU
_b[70-75904]
035 _a(NLR Aleph) 007538508
090 _a9743368
_c9743368
100 _a20130115d1970 |||y0rusy50 ca
101 0 _arus
102 _aRU
105 _ay z |||||
200 1 _aОсновной закон колхозной жизни
_eО Примерном Уставе колхоза
210 _aМосква
_cКолос
_d1970
215 _a112 с.
_d20
606 _aКолхозы
_jУставы
_2psbo
700 1 _4070
_7ca
_8rus
_aАнисимов
_bН.И.
_cд-р экон. наук
_gНиколай Ильич
_3RU\NLR\AUTH\770282348
_92671150
801 0 _aRU
_bNLR
_gpsbo
801 1 _aRU
_bELAR
_2rusmarc
852 _aNLR
_j70-3/6564
942 _cBOOK
980 _aNB